Brígida o el Olvido
Salvato in:
| Autore principale: | |
|---|---|
| Natura: | Libro |
| Lingua: | spagnolo |
| Pubblicazione: |
Santiago
Cuarto Propio
2009
|
| Edizione: | 1a. ed |
| Soggetti: | |
| Tags: |
Aggiungi Tag
Nessun Tag, puoi essere il primo ad aggiungerne!!
|
MARC
| LEADER | 00000cam a2200000 a 4500 | ||
|---|---|---|---|
| 001 | UCG8236 | ||
| 003 | CL-VaPUC | ||
| 008 | 111202e20090000CL |||||||||||||||||spa|d | ||
| 020 | |a 9789562604642 | ||
| 082 | 0 | 4 | |a Ch863 |b VAL |2 21 |
| 100 | 0 | |a Valle, Rosamel del |e author |9 430303 | |
| 245 | 1 | 0 | |a Brígida o el Olvido |
| 246 | 1 | 3 | |a La radiante Remington |
| 250 | |a 1a. ed | ||
| 300 | |a 335 p | ||
| 942 | |c BK | ||
| 945 | |d 20111202 00:00:00 |a cmena | ||
| 260 | |a Santiago |b Cuarto Propio |c 2009 | ||
| 650 | 0 | |a Novelas chilenas |9 265425 | |
| 650 | 0 | |a Epistolarios |9 438790 | |
| 650 | 0 | |a Literatura chilena |9 308278 | |
| 583 | |a last modification |c 20111202 14:14:00 |k Rodrigo Vera | ||
| 999 | |c 345856 |d 345854 | ||
| 952 | |0 0 |1 0 |4 0 |6 CH_863_000000000000000_VAL_2009 |7 0 |8 A |9 446208 |a FDOPOS |b FDOPOS |d 2019-11-22 |i 4807766 |o Ch863 VAL 2009 |p 4807766 |r 2025-01-22 |w 2019-11-22 |y BK |k DLH | ||